MAASAI MARA UNIVERSITY

LIBRARY CATALOGUE

Contact Us: +254 020 2685356/7 or 0774 057787

Box: 861-20500, NAROK, KENYA

Email: info@mmarau.ac.ke

Tobin James (Record no. 4992)

MARC details
000 -LEADER
fixed length control field 00426nam a2200145Ia 4500
008 - FIXED-LENGTH DATA ELEMENTS--GENERAL INFORMATION
fixed length control field 151015s9999 xx 000 0 und d
020 ## - INTERNATIONAL STANDARD BOOK NUMBER
International Standard Book Number 393015122
050 ## - LIBRARY OF CONGRESS CALL NUMBER
Classification number HC106.6.E257 1982
245 ## - TITLE STATEMENT
Title Tobin James
250 ## - EDITION STATEMENT
Edition statement _Economics inthe Public Service / James Tobin
300 ## - PHYSICAL DESCRIPTION
Extent New York : W.W..norton , 1982
500 ## - GENERAL NOTE
General note Includes index
650 ## - SUBJECT ADDED ENTRY--TOPICAL TERM
Topical term or geographic name as entry element _Economics of Public Service
700 ## - ADDED ENTRY--PERSONAL NAME
Personal name ^d20130530 03:36:20^oanne

No items available.

© 2016 Maasai Mara University.